គំរោងសិក្សាឧបករណ៍ហាន់រុក្ខជាតិសំរាប់ធ្វើជី (Record no. 4150)

000 -LEADER
fixed length control field 00513nam a22001577a 4500
003 - CONTROL NUMBER IDENTIFIER
control field OSt
005 - DATE AND TIME OF LATEST TRANSACTION
control field 20151207140759.0
008 - FIXED-LENGTH DATA ELEMENTS--GENERAL INFORMATION
fixed length control field 151207b xxu||||| |||| 00| 0 eng d
040 ## - CATALOGING SOURCE
Transcribing agency RUA
082 ## - DEWEY DECIMAL CLASSIFICATION NUMBER
Classification number ATM សាន 1994 B190 Or.1
100 ## - MAIN ENTRY--PERSONAL NAME
9 (RLIN) 4450
Personal name សាន វណ្ណាស៊ី
245 ## - TITLE STATEMENT
Title គំរោងសិក្សាឧបករណ៍ហាន់រុក្ខជាតិសំរាប់ធ្វើជី
260 ## - PUBLICATION, DISTRIBUTION, ETC. (IMPRINT)
Place of publication, distribution, etc. Phnom Penh
Name of publisher, distributor, etc. RUA
Date of publication, distribution, etc. 1994
300 ## - PHYSICAL DESCRIPTION
Extent 73p.
Other physical details ill.
Dimensions 29cm.
942 ## - ADDED ENTRY ELEMENTS (KOHA)
Source of classification or shelving scheme
Koha item type ATM
Holdings
Price effective from Date last seen Permanent Location Not for loan Date acquired Source of classification or shelving scheme Koha item type Barcode Lost status Damaged status Shelving location Withdrawn status Current Location Full call number
2015-12-072015-12-07Library Block B 2015-12-07 ATMRUA41014  B190 Library Block BATM សាន 1994 B190 Or.1
2015-12-072015-12-07Library Block B 2015-12-07 ATMRUA40899  B190 Library Block BATM សាន 1994 B190 Or.2
2015-12-072015-12-07Library Block B 2015-12-07 ATMRUA41019  B190 Library Block BATM សាន 1994 B190 Or.3
2015-12-072015-12-07Library Block B 2015-12-07 ATMRUA41075  B190 Library Block BATM សាន 1994 B190 Or.4
មជ្ឈមណ្ឌលឯការនៃសាកលវិទ្យាល័យភូមិន្ទកសិកម្មចំការដូង

Powered by Koha